[Event "AUT-chT 0607"]
[Site "Austria"]
[Date "2007.03.10"]
[Round "10.5"]
[White "Moser, Eva"]
[Black "Baumegger, Siegfried"]
[Result "0-1"]
[WhiteElo "2416"]
[BlackElo "2418"]
[PlyCount "136"]
[EventDate "2006.11.03"]
[EventType "team-tourn"]
[EventRounds "11"]
[EventCountry "AUT"]
[SourceTitle "EXT 2008"]
[Source "ChessBase"]
[SourceDate "2007.11.25"]
[SourceVersion "1"]
[SourceVersionDate "2007.11.25"]
[SourceQuality "1"]
[WhiteTeam "Graz Styria"]
[BlackTeam "Baden"]
[WhiteTeamCountry "AUT"]
[BlackTeamCountry "AUT"]

1. e4 c5 2. c3 e6 3. d4 d5 4. exd5 Qxd5 5. Nf3 Nf6 6. a3 Be7 7. Be3 cxd4 8.
cxd4 O-O 9. Nc3 Qd6 10. Bd3 Nc6 11. O-O b6 12. Qe2 Bb7 13. Rad1 Rac8 14. Rfe1
Bd8 15. Bg5 h6 16. Bh4 Nh5 17. Nb5 Qb8 18. Qe4 g6 19. Qe3 Qf4 20. Qxf4 Nxf4 21.
Nd6 Rc7 22. Be4 Bxh4 23. Nxh4 Ba8 24. Nf3 Rd7 25. Nc4 Ne7 26. Nfe5 Rc7 27. Bxa8
Rxa8 28. g3 Nfd5 29. Nd6 Nf5 30. Nxf5 gxf5 31. Rc1 Rac8 32. Nd3 Rc2 33. Kf1 Kg7
34. Rcd1 Nf6 35. Re2 Ne4 36. Rxc2 Rxc2 37. Ke1 Ng5 38. Kf1 Nf3 39. d5 exd5 40.
Kg2 Ng5 41. h4 Ne4 42. Kf3 Nd2+ 43. Kf4 Nc4 44. b3 Nxa3 45. Kxf5 Nb5 46. Nf4 d4
47. Nh5+ Kf8 48. f4 Rc5+ 49. Kg4 f5+ 50. Kh3 Kf7 51. g4 Rc3+ 52. Ng3 Re3 53.
Kg2 fxg4 54. b4 Nc3 55. Ra1 Rxg3+ 56. Kxg3 d3 57. Rxa7+ Ke6 58. Kxg4 d2 59. Ra1
d1=Q+ 60. Rxd1 Nxd1 61. Kh5 Kf6 62. Kxh6 Ne3 63. h5 Nd5 64. Kh7 Nxb4 65. h6 Nc6
66. Kg8 Nd8 67. Kf8 b5 68. h7 Nf7 0-1

[Event "AUT-chT 0607"]
[Site "Austria"]
[Date "2007.03.09"]
[Round "9.5"]
[White "Sachsenhofer, Michael"]
[Black "Moser, Eva"]
[Result "0-1"]
[WhiteElo "2144"]
[BlackElo "2416"]
[PlyCount "72"]
[EventDate "2006.11.03"]
[EventType "team-tourn"]
[EventRounds "11"]
[EventCountry "AUT"]
[SourceTitle "EXT 2008"]
[Source "ChessBase"]
[SourceDate "2007.11.25"]
[SourceVersion "1"]
[SourceVersionDate "2007.11.25"]
[SourceQuality "1"]
[WhiteTeam "Leoben"]
[BlackTeam "Graz Styria"]
[WhiteTeamCountry "AUT"]
[BlackTeamCountry "AUT"]

1. e4 c5 2. Nc3 Nc6 3. g3 g6 4. Bg2 Bg7 5. d3 d6 6. Nge2 Nf6 7. O-O O-O 8. Be3
Ng4 9. Bd2 Nd4 10. h3 Ne5 11. f4 Nec6 12. Nxd4 cxd4 13. Nd5 e6 14. Nb4 Qb6 15.
Nxc6 bxc6 16. b3 Bd7 17. Qe2 Qc5 18. Bc1 Rfe8 19. a4 Qa5 20. Ba3 Qc7 21. Rfe1
c5 22. e5 d5 23. Bf1 Rab8 24. Qf2 Kh8 25. Kh2 f6 26. exf6 Bxf6 27. Rad1 Rf8 28.
Qg2 Qd6 29. Rd2 g5 30. fxg5 Bxg5 31. Rde2 Rf5 32. Bc1 Rg8 33. Rf2 Bh4 34. Bf4
Rxf4 35. Rxf4 Qxf4 36. gxf4 Rxg2+ 0-1

[Event "AUT-chT 0607"]
[Site "Austria"]
[Date "2007.03.08"]
[Round "8.5"]
[White "Moser, Eva"]
[Black "Moser, Guenter"]
[Result "1/2-1/2"]
[WhiteElo "2416"]
[BlackElo "2369"]
[PlyCount "101"]
[EventDate "2006.11.03"]
[EventType "team-tourn"]
[EventRounds "11"]
[EventCountry "AUT"]
[SourceTitle "EXT 2008"]
[Source "ChessBase"]
[SourceDate "2007.11.25"]
[SourceVersion "1"]
[SourceVersionDate "2007.11.25"]
[SourceQuality "1"]
[WhiteTeam "Graz Styria"]
[BlackTeam "Klagenfurt"]
[WhiteTeamCountry "AUT"]
[BlackTeamCountry "AUT"]

1. e4 c5 2. g3 Nc6 3. Bg2 g6 4. d3 Bg7 5. f4 d6 6. Nf3 e6 7. O-O Nge7 8. c3 O-O
9. Be3 b6 10. Na3 Bb7 11. d4 cxd4 12. Nxd4 Qd7 13. Nac2 Rad8 14. Nxc6 Qxc6 15.
Qe2 Qc8 16. Rfd1 Qa8 17. Bf2 Rfe8 18. a4 Nc6 19. Na3 Qb8 20. Nb5 h6 21. Rd3 Kh7
22. Rad1 Ba6 23. Qd2 Bf8 24. b4 Kg8 25. h4 Rd7 26. h5 e5 27. Bh3 Rdd8 28. hxg6
fxg6 29. f5 gxf5 30. Bxf5 Bxb5 31. axb5 Ne7 32. Be6+ Kg7 33. Rxd6 Rxd6 34. Qxd6
Qxd6 35. Rxd6 Nc8 36. Rc6 Nd6 37. Bd5 Nxb5 38. Be1 Nd6 39. Rc7+ Re7 40. Rc6 Re8
41. Kf2 Rc8 42. Rxc8 Nxc8 43. c4 Kf6 44. Ke2 Nd6 45. Kd3 Ne8 46. Bc3 Nc7 47.
Bd2 Na6 48. b5 Nc5+ 49. Ke2 Nb3 50. Be3 h5 51. Bd2 1/2-1/2

[Event "Bundesliga 0607"]
[Site "Germany"]
[Date "2007.02.25"]
[Round "11.8"]
[White "Moser, Eva"]
[Black "Vogt, Lothar"]
[Result "1/2-1/2"]
[WhiteElo "2396"]
[BlackElo "2479"]
[PlyCount "26"]
[EventDate "2006.10.28"]
[EventType "team-tourn"]
[EventRounds "15"]
[EventCountry "GER"]
[SourceTitle "CBM 118"]
[Source "ChessBase"]
[SourceDate "2007.05.31"]
[SourceVersion "1"]
[SourceVersionDate "2007.05.31"]
[SourceQuality "1"]
[WhiteTeam "Kreuzberg"]
[BlackTeam "Eppingen"]
[WhiteTeamCountry "GER"]
[BlackTeamCountry "GER"]

1. e4 c5 2. c3 d5 3. exd5 Qxd5 4. d4 Nf6 5. Nf3 e6 6. Bd3 Be7 7. Be3 cxd4 8.
cxd4 Nc6 9. Nc3 Qd6 10. O-O O-O 11. a3 b6 12. Qe2 Bb7 13. Rad1 Rad8 1/2-1/2

[Event "Bundesliga 0607"]
[Site "Germany"]
[Date "2007.02.24"]
[Round "10.8"]
[White "Teske, Henrik"]
[Black "Moser, Eva"]
[Result "1-0"]
[WhiteElo "2514"]
[BlackElo "2396"]
[PlyCount "103"]
[EventDate "2006.10.28"]
[EventType "team-tourn"]
[EventRounds "15"]
[EventCountry "GER"]
[SourceTitle "CBM 118"]
[Source "ChessBase"]
[SourceDate "2007.05.31"]
[SourceVersion "1"]
[SourceVersionDate "2007.05.31"]
[SourceQuality "1"]
[WhiteTeam "Tegernsee"]
[BlackTeam "Kreuzberg"]
[WhiteTeamCountry "GER"]
[BlackTeamCountry "GER"]

1. d4 Nf6 2. c4 g6 3. Nc3 d5 4. Nf3 Bg7 5. e3 O-O 6. Be2 dxc4 7. Bxc4 c5 8. O-O
Nbd7 9. Qe2 cxd4 10. exd4 Nb6 11. Bb3 Nbd5 12. Bg5 Be6 13. Rac1 Nc7 14. Ba4
Ncd5 15. Rfe1 Rc8 16. Bb3 Qa5 17. Bd2 Qd8 18. Qb5 Nxc3 19. bxc3 Bd5 20. Ne5 a6
21. Qe2 b5 22. Bg5 Re8 23. h4 Qd6 24. Qd2 a5 25. Bf4 Qa6 26. Nd3 Qa8 27. f3 Nd7
28. Ne5 Nxe5 29. Bxe5 Bxb3 30. axb3 Qd5 31. Bxg7 Kxg7 32. c4 bxc4 33. Re5 c3
34. Rxc3 Qd6 35. Rxa5 Rxc3 36. Qxc3 Rb8 37. Re5 Rb4 38. Re4 Qb6 39. Rxe7 Rxb3
40. Qc5 Rb1+ 41. Kf2 Rb2+ 42. Re2 Rxe2+ 43. Kxe2 Qb2+ 44. Kf1 h5 45. Qe5+ Kg8
46. Kg1 Kf8 47. Kh2 Qc3 48. Qc5+ Qxc5 49. dxc5 Ke7 50. Kg3 Ke6 51. Kf4 f6 52.
g4 1-0

[Event "Boeblingen op 23rd"]
[Site "Boeblingen"]
[Date "2006.12.30"]
[Round "9"]
[White "Moser, Eva"]
[Black "Peschel, Andreas"]
[Result "1-0"]
[WhiteElo "2396"]
[BlackElo "2155"]
[PlyCount "59"]
[EventDate "2006.12.26"]
[EventType "swiss"]
[EventRounds "9"]
[EventCountry "GER"]
[SourceTitle "CBM 116 Extra"]
[Source "ChessBase"]
[SourceDate "2007.03.07"]
[SourceVersion "1"]
[SourceVersionDate "2007.03.07"]
[SourceQuality "1"]

1. e4 g6 2. d4 Bg7 3. Nc3 c6 4. h3 d5 5. e5 Nh6 6. Nf3 f6 7. Bf4 fxe5 8. Bxe5
O-O 9. Qd2 Nf7 10. Bxg7 Kxg7 11. O-O-O Qd6 12. Re1 Nd7 13. h4 Nf6 14. Ne5 Bd7
15. Bd3 Rae8 16. f3 c5 17. dxc5 Qxc5 18. Nxd7 Nxd7 19. Bb5 Rd8 20. Qxd5 Qxd5
21. Nxd5 e5 22. Rd1 Nc5 23. Rhe1 Ne6 24. c3 Rc8 25. Bd7 Rc6 26. Bxc6 bxc6 27.
Ne3 Re8 28. Nc4 Nf4 29. Rd7 Kg8 30. g3 1-0

[Event "Boeblingen op 23rd"]
[Site "Boeblingen"]
[Date "2006.12.28"]
[Round "5"]
[White "Moser, Eva"]
[Black "Lauer, Moritz"]
[Result "1/2-1/2"]
[WhiteElo "2396"]
[BlackElo "2277"]
[PlyCount "69"]
[EventDate "2006.12.26"]
[EventType "swiss"]
[EventRounds "9"]
[EventCountry "GER"]
[SourceTitle "CBM 116 Extra"]
[Source "ChessBase"]
[SourceDate "2007.03.07"]
[SourceVersion "1"]
[SourceVersionDate "2007.03.07"]
[SourceQuality "1"]

1. e4 d5 2. exd5 Nf6 3. d4 Bg4 4. Bb5+ Nbd7 5. Be2 Bxe2 6. Qxe2 Nxd5 7. Nf3 e6
8. O-O Be7 9. c4 N5f6 10. Nc3 O-O 11. Bf4 c6 12. h3 Re8 13. Rad1 Nf8 14. Ne5
Ng6 15. Bg3 Nd7 16. Ne4 Ndxe5 17. dxe5 Qa5 18. Nd6 Bxd6 19. exd6 e5 20. Qc2 Qc5
21. Rd2 Rad8 22. b4 Qxb4 23. Rb1 Qc5 24. Rxb7 Rxd6 25. Rxd6 Qxd6 26. Rxa7 Qe6
27. a4 f5 28. f3 e4 29. fxe4 fxe4 30. Qc3 Ne7 31. Qe5 Nf5 32. Qxe6+ Rxe6 33.
Be1 e3 34. a5 Re4 35. g4 1/2-1/2

[Event "Boeblingen op 23rd"]
[Site "Boeblingen"]
[Date "2006.12.28"]
[Round "4"]
[White "Hirneise, Tobias"]
[Black "Moser, Eva"]
[Result "1/2-1/2"]
[WhiteElo "2274"]
[BlackElo "2396"]
[PlyCount "68"]
[EventDate "2006.12.26"]
[EventType "swiss"]
[EventRounds "9"]
[EventCountry "GER"]
[SourceTitle "CBM 116 Extra"]
[Source "ChessBase"]
[SourceDate "2007.03.07"]
[SourceVersion "1"]
[SourceVersionDate "2007.03.07"]
[SourceQuality "1"]

1. e4 c5 2. Nf3 Nc6 3. d4 cxd4 4. Nxd4 e5 5. Nb5 d6 6. N1c3 a6 7. Na3 b5 8. Nd5
Be7 9. c4 b4 10. Nc2 Rb8 11. g3 Nf6 12. Bg2 O-O 13. O-O Kh8 14. f4 exf4 15.
gxf4 Re8 16. Nxf6 Bxf6 17. c5 dxc5 18. e5 Qxd1 19. Rxd1 Nxe5 20. fxe5 Bxe5 21.
Bc6 Bg4 22. Rd5 Rbd8 23. Rxc5 Re6 24. Be3 Bxb2 25. Rb1 Rxe3 26. Rxb2 Rd1+ 27.
Kf2 Re2+ 28. Kg3 Rg1+ 29. Kf4 h6 30. h4 f5 31. Rxb4 Rf1+ 32. Kg3 Rg1+ 33. Kf4
Rf1+ 34. Kg3 Rg1+ 1/2-1/2

[Event "Boeblingen op 23rd"]
[Site "Boeblingen"]
[Date "2006.12.27"]
[Round "2"]
[White "Rombach, Michael"]
[Black "Moser, Eva"]
[Result "0-1"]
[WhiteElo "2095"]
[BlackElo "2396"]
[PlyCount "68"]
[EventDate "2006.12.26"]
[EventType "swiss"]
[EventRounds "9"]
[EventCountry "GER"]
[SourceTitle "CBM 116 Extra"]
[Source "ChessBase"]
[SourceDate "2007.03.07"]
[SourceVersion "1"]
[SourceVersionDate "2007.03.07"]
[SourceQuality "1"]

1. d4 Nf6 2. c4 g6 3. Nc3 Bg7 4. e4 O-O 5. f4 d6 6. Nf3 c5 7. d5 a6 8. Be2 b5
9. e5 dxe5 10. fxe5 Ng4 11. O-O bxc4 12. Bxc4 Nxe5 13. Nxe5 Bxe5 14. Bh6 Bg7
15. Bxg7 Kxg7 16. d6 Qxd6 17. Qxd6 exd6 18. Rad1 Nd7 19. Rxd6 Ne5 20. Bd5 Ra7
21. Ne4 Rc7 22. Rc1 Re8 23. h3 Nd3 24. Rc3 Nf4 25. Rxc5 Rxc5 26. Nxc5 Re5 27.
Rc6 Rxd5 28. Rxc8 Rd2 29. Rb8 a5 30. a4 Rxg2+ 31. Kf1 Rc2 32. Rb5 Rc1+ 33. Kf2
Rxc5 34. Ke3 Ne6 0-1

[Event "AUT-chT 0607"]
[Site "Austria"]
[Date "2006.11.05"]
[Round "3"]
[White "Moser, Eva"]
[Black "Karner, Christoph"]
[Result "1/2-1/2"]
[WhiteElo "2396"]
[BlackElo "2319"]
[PlyCount "129"]
[EventDate "2006.11.03"]
[EventType "team-tourn"]
[EventRounds "11"]
[EventCountry "AUT"]
[SourceTitle "EXT 2007"]
[Source "ChessBase"]
[SourceDate "2006.11.23"]
[SourceVersion "1"]
[SourceVersionDate "2006.11.23"]
[SourceQuality "1"]
[WhiteTeam "Graz Styria"]
[BlackTeam "Holz Dohr"]
[WhiteTeamCountry "AUT"]
[BlackTeamCountry "AUT"]

1. d4 Nf6 2. Nf3 g6 3. c4 Bg7 4. Nc3 O-O 5. e4 d6 6. Be2 Na6 7. O-O e5 8. Re1
Qe8 9. Bf1 Bg4 10. d5 Nb4 11. Be2 a5 12. Be3 Na6 13. Nd2 Bxe2 14. Qxe2 Nh5 15.
b3 Nf4 16. Qd1 Nd3 17. Rf1 f5 18. f3 Qe7 19. Kh1 Qh4 20. Qe2 Nf4 21. Qe1 Qxe1
22. Raxe1 Nb4 23. Rd1 Nfd3 24. Ndb1 Nc5 25. Bxc5 dxc5 26. Rf2 Rad8 27. Re2 Rf7
28. Na3 f4 29. Nc2 Nxc2 30. Rxc2 Bf8 31. Rf1 Bd6 32. Ne2 Rdf8 33. Kg1 Kg7 34.
Rb1 b6 35. Kf2 Kf6 36. Rc3 g5 37. Rh1 h5 38. h3 Rg7 39. Rcc1 Rfg8 40. Nc3 Ke7
41. Rcg1 h4 42. Ke2 Ra8 43. Kd3 Rgg8 44. Ra1 Ra6 45. Kc2 Kd7 46. Na4 Rga8 47.
Rhd1 Rg8 48. Nb2 Rga8 49. a3 R6a7 50. Ra2 Kc8 51. Rda1 Kb7 52. Nd3 Rc8 53. b4
axb4 54. axb4 Rxa2+ 55. Rxa2 cxb4 56. Kb3 c5 57. dxc6+ Kxc6 58. Ra7 b5 59.
cxb5+ Kxb5 60. Nxb4 Bxb4 61. Rb7+ Kc5 62. Rxb4 Rd8 63. Rc4+ Kb5 64. Rb4+ Kc5
65. Rc4+ 1/2-1/2

[Event "AUT-chT 0607"]
[Site "Austria"]
[Date "2006.11.04"]
[Round "2"]
[White "Schwarz, Michael"]
[Black "Moser, Eva"]
[Result "1/2-1/2"]
[WhiteElo "2399"]
[BlackElo "2396"]
[PlyCount "43"]
[EventDate "2006.11.03"]
[EventType "team-tourn"]
[EventRounds "11"]
[EventCountry "AUT"]
[SourceTitle "EXT 2007"]
[Source "ChessBase"]
[SourceDate "2006.11.23"]
[SourceVersion "1"]
[SourceVersionDate "2006.11.23"]
[SourceQuality "1"]
[WhiteTeam "Jenbach"]
[BlackTeam "Graz Styria"]
[WhiteTeamCountry "AUT"]
[BlackTeamCountry "AUT"]

1. Nf3 Nf6 2. c4 g6 3. g3 Bg7 4. Bg2 d5 5. O-O dxc4 6. Qa4+ Nfd7 7. Nc3 O-O 8.
Qxc4 Nb6 9. Qh4 e5 10. Qxd8 Rxd8 11. d3 c6 12. Nd2 Na6 13. Rb1 Nc5 14. b3 Nd5
15. Nxd5 cxd5 16. Ba3 Ne6 17. e3 b6 18. b4 Bb7 19. Rfc1 Rac8 20. b5 Bf8 21.
Bxf8 Kxf8 22. Nf3 1/2-1/2

[Event "AUT-chT 0607"]
[Site "Austria"]
[Date "2006.11.03"]
[Round "1"]
[White "Moser, Eva"]
[Black "Gaertner, Guntram"]
[Result "1/2-1/2"]
[WhiteElo "2396"]
[BlackElo "2331"]
[PlyCount "160"]
[EventDate "2006.11.03"]
[EventType "team-tourn"]
[EventRounds "11"]
[EventCountry "AUT"]
[SourceTitle "EXT 2007"]
[Source "ChessBase"]
[SourceDate "2006.11.23"]
[SourceVersion "1"]
[SourceVersionDate "2006.11.23"]
[SourceQuality "1"]
[WhiteTeam "Graz Styria"]
[BlackTeam "Hohenems"]
[WhiteTeamCountry "AUT"]
[BlackTeamCountry "AUT"]

1. d4 Nf6 2. Nf3 e6 3. c4 Bb4+ 4. Nbd2 O-O 5. a3 Bxd2+ 6. Bxd2 b6 7. Bg5 Bb7 8.
e3 d6 9. Bd3 Nbd7 10. O-O a5 11. Rc1 a4 12. Nd2 Ra5 13. Bh4 Qa8 14. f3 c5 15.
Nb1 cxd4 16. exd4 d5 17. Be1 Ra7 18. Nc3 dxc4 19. Bxc4 Nd5 20. Bf2 Nxc3 21.
bxc3 Ba6 22. Bxa6 Rxa6 23. Qe2 Ra7 24. c4 Rc7 25. Rc2 Rfc8 26. Rfc1 h6 27. h3
Qa6 28. Kf1 Nf6 29. c5 Qxe2+ 30. Kxe2 bxc5 31. Rxc5 Rxc5 32. dxc5 Nd5 33. Bg3
Kf8 34. Kd3 Ke8 35. Bd6 Ne7 36. Rc4 Nf5 37. Rxa4 Nxd6 38. cxd6 Kd7 39. Ra7+
Kxd6 40. Rxf7 g5 41. Rh7 Ra8 42. Rxh6 Rxa3+ 43. Ke4 Ra2 44. g4 Re2+ 45. Kd4 Ke7
46. Rg6 Rh2 47. Rxg5 Rxh3 48. Ke4 Rh1 49. Ra5 Re1+ 50. Kf4 Kf6 51. Ra6 Rb1 52.
Ra3 Rb4+ 53. Kg3 Rb6 54. f4 Rc6 55. Re3 Ra6 56. g5+ Kf7 57. Kg4 Ra1 58. Rh3
Rg1+ 59. Kh5 Kg7 60. Ra3 Rh1+ 61. Kg4 Rg1+ 62. Kf3 Rb1 63. Ra7+ Kg6 64. Re7 Re1
65. Kf2 Re4 66. Kf3 Re1 67. Re8 Kf7 68. Rh8 Rf1+ 69. Ke3 e5 70. fxe5 Re1+ 71.
Kf4 Rf1+ 72. Ke4 Re1+ 73. Kd4 Rd1+ 74. Ke3 Re1+ 75. Kf4 Rf1+ 76. Kg3 Rg1+ 77.
Kf3 Rf1+ 78. Kg2 Rf5 79. Kg3 Rxe5 80. Kg4 Kg7 1/2-1/2

[Event "Graz op"]
[Site "Graz"]
[Date "2006.09.24"]
[Round "9"]
[White "Moser, Eva"]
[Black "Schuurman, Petra"]
[Result "1-0"]
[WhiteElo "2395"]
[BlackElo "2219"]
[PlyCount "115"]
[EventDate "2006.09.16"]
[EventType "swiss"]
[EventRounds "9"]
[EventCountry "AUT"]
[SourceTitle "CBM 114 Extra"]
[Source "ChessBase"]
[SourceDate "2006.11.03"]
[SourceVersion "1"]
[SourceVersionDate "2006.11.03"]
[SourceQuality "1"]

1. e4 c6 2. d4 d5 3. e5 Bf5 4. c4 e6 5. Nc3 Ne7 6. a3 dxc4 7. Bxc4 Nd7 8. Nge2
Nb6 9. Bb3 Qd7 10. O-O Bg6 11. Bf4 Nbd5 12. Bd2 Nb6 13. Rc1 Nf5 14. Bf4 Be7 15.
Qd2 O-O 16. Rfd1 Rfd8 17. Bg5 Rac8 18. Bxe7 Qxe7 19. Qf4 Nd5 20. Bxd5 exd5 21.
g4 Nh4 22. Qe3 f5 23. f3 fxg4 24. fxg4 Qg5 25. Qxg5 Nf3+ 26. Kf2 Nxg5 27. Ke3
Ne6 28. Rf1 h5 29. Nf4 Nxf4 30. Rxf4 hxg4 31. Rxg4 Bf5 32. Rf4 Be6 33. Ne2 b6
34. b4 Rc7 35. Ng3 Ra8 36. Rg1 a5 37. Nh5 Rf7 38. Rxf7 Bxf7 39. Nxg7 Kf8 40.
Nf5 axb4 41. axb4 Be6 42. Ng7 Bc8 43. Nh5 Ra3+ 44. Kf4 Rd3 45. Ra1 Rxd4+ 46.
Kg5 Ke7 47. Ra7+ Kd8 48. Nf6 Rd2 49. h4 Rg2+ 50. Kf4 Rf2+ 51. Kg3 Re2 52. h5
Rxe5 53. h6 Re1 54. h7 Rh1 55. Kf4 d4 56. Kg5 d3 57. Nh5 Rg1+ 58. Kh6 1-0

[Event "Graz op"]
[Site "Graz"]
[Date "2006.09.23"]
[Round "8"]
[White "Schnider, Gert"]
[Black "Moser, Eva"]
[Result "0-1"]
[WhiteElo "2270"]
[BlackElo "2395"]
[PlyCount "82"]
[EventDate "2006.09.16"]
[EventType "swiss"]
[EventRounds "9"]
[EventCountry "AUT"]
[SourceTitle "CBM 114 Extra"]
[Source "ChessBase"]
[SourceDate "2006.11.03"]
[SourceVersion "1"]
[SourceVersionDate "2006.11.03"]
[SourceQuality "1"]

1. e4 c5 2. c3 e6 3. d4 d5 4. exd5 exd5 5. Nf3 a6 6. g3 Bd6 7. Bg2 Ne7 8. O-O
O-O 9. dxc5 Bxc5 10. Nbd2 Nbc6 11. Nb3 Ba7 12. Re1 Nf5 13. Nfd4 Nfxd4 14. Nxd4
Bxd4 15. cxd4 Bf5 16. a3 Qd7 17. Bf4 Rfe8 18. Qb3 Be4 19. Bxe4 dxe4 20. Red1
Nxd4 21. Qe3 Rad8 22. Kh1 Qa4 23. Rac1 Nc6 24. Rxd8 Rxd8 25. Kg2 h6 26. Qb6 Rd7
27. Bc7 e3 28. f3 Qb5 29. Qxb5 axb5 30. Bf4 Rd2+ 31. Kg1 Nd4 32. Bxe3 Nxf3+ 33.
Kf1 Nxh2+ 34. Kg1 Nf3+ 35. Kf1 Nh2+ 36. Kg1 Rxb2 37. Rc8+ Kh7 38. Rc7 Ng4 39.
Bb6 Kg6 40. Rxb7 Rb3 41. Bc7 Ne3 0-1

[Event "Graz op"]
[Site "Graz"]
[Date "2006.09.22"]
[Round "7"]
[White "Moser, Eva"]
[Black "Balinov, Ilia"]
[Result "0-1"]
[WhiteElo "2395"]
[BlackElo "2454"]
[PlyCount "80"]
[EventDate "2006.09.16"]
[EventType "swiss"]
[EventRounds "9"]
[EventCountry "AUT"]
[SourceTitle "CBM 114 Extra"]
[Source "ChessBase"]
[SourceDate "2006.11.03"]
[SourceVersion "1"]
[SourceVersionDate "2006.11.03"]
[SourceQuality "1"]

1. e4 e5 2. Nf3 Nc6 3. Bb5 f5 4. d3 fxe4 5. dxe4 Nf6 6. Qd3 Bc5 7. O-O d6 8.
Nc3 Bd7 9. Na4 Bb6 10. Nxb6 axb6 11. Bc4 Na5 12. Ng5 Qe7 13. Bf7+ Kf8 14. Bd5
c6 15. Bb3 Nxb3 16. Qxb3 h6 17. Nf3 Nxe4 18. Qxb6 Kg8 19. Qxb7 Kh7 20. Qb4 Nf6
21. Qh4 Rhb8 22. b3 Kg8 23. Re1 c5 24. Bb2 Bc6 25. Nd2 Rb4 26. c4 Qb7 27. Re3
Rf8 28. Rg3 Qf7 29. Rd3 Nh5 30. Rxd6 g5 31. Qg4 Qxf2+ 32. Kh1 Bb7 33. Rd7 Nf4
34. Rxb7 Rxb7 35. Bc3 Re7 36. Ne4 Qc2 37. Re1 Nd3 38. Ra1 Rf4 39. Qc8+ Kh7 40.
Qd8 Ref7 0-1

[Event "Graz op"]
[Site "Graz"]
[Date "2006.09.21"]
[Round "6"]
[White "Moser, Eva"]
[Black "Schachinger, Mario"]
[Result "1/2-1/2"]
[WhiteElo "2395"]
[BlackElo "2277"]
[PlyCount "143"]
[EventDate "2006.09.16"]
[EventType "swiss"]
[EventRounds "9"]
[EventCountry "AUT"]
[SourceTitle "CBM 114 Extra"]
[Source "ChessBase"]
[SourceDate "2006.11.03"]
[SourceVersion "1"]
[SourceVersionDate "2006.11.03"]
[SourceQuality "1"]

1. d4 d5 2. c4 c6 3. Nf3 Nf6 4. Nc3 a6 5. c5 Nbd7 6. Bf4 Nh5 7. Bg5 h6 8. Be3
Qc7 9. g3 g6 10. Bg2 Bg7 11. Qd2 g5 12. Qc2 e5 13. dxe5 Nxe5 14. Nxe5 Qxe5 15.
O-O-O Bf5 16. Qa4 O-O-O 17. Bd4 Qe7 18. Rhe1 Bxd4 19. Qxd4 Nf6 20. b4 Rhe8 21.
a4 Qe5 22. h3 a5 23. bxa5 Qxd4 24. Rxd4 Nd7 25. Kb2 Nxc5 26. Red1 Ne6 27. R4d2
d4 28. Ne4 Bxe4 29. Bxe4 Kc7 30. Ka3 Rd6 31. Bf5 Ng7 32. Bd3 Ra8 33. a6 b6 34.
Rb1 Rdd8 35. Rdb2 Rdb8 36. Rb4 Ne6 37. Bc4 Nc5 38. Bxf7 Rxa6 39. Rxd4 Rf8 40.
Bh5 Rfa8 41. Kb2 Nxa4+ 42. Kc2 Nc5 43. f4 Ra3 44. Bf3 Re3 45. fxg5 hxg5 46. h4
Ne6 47. Rdb4 Rb8 48. Rg4 Re5 49. h5 c5 50. h6 Nd4+ 51. Kd3 Rd8 52. Kc3 Re3+ 53.
Kd2 Ra3 54. Kc1 Rc3+ 55. Kd2 Rc2+ 56. Ke3 Rc3+ 57. Kf2 Nxf3 58. exf3 Rd2+ 59.
Kg1 Rcc2 60. Rxg5 Rg2+ 61. Kf1 Rcf2+ 62. Ke1 Ra2 63. Kf1 Rh2 64. Rg7+ Kc8 65.
Kg1 Rxh6 66. Re1 Rd2 67. Re8+ Rd8 68. Ree7 Rc6 69. Ra7 Kb8 70. Rab7+ Kc8 71.
Ra7 Kb8 72. Rab7+ 1/2-1/2

[Event "Graz op"]
[Site "Graz"]
[Date "2006.09.20"]
[Round "5"]
[White "Wittmann, Walter"]
[Black "Moser, Eva"]
[Result "1/2-1/2"]
[WhiteElo "2361"]
[BlackElo "2395"]
[PlyCount "37"]
[EventDate "2006.09.16"]
[EventType "swiss"]
[EventRounds "9"]
[EventCountry "AUT"]
[SourceTitle "CBM 114 Extra"]
[Source "ChessBase"]
[SourceDate "2006.11.03"]
[SourceVersion "1"]
[SourceVersionDate "2006.11.03"]
[SourceQuality "1"]

1. e4 e6 2. d4 d5 3. Nd2 Nf6 4. e5 Nfd7 5. Bd3 c5 6. c3 Nc6 7. Ne2 cxd4 8. cxd4
f6 9. exf6 Nxf6 10. Nf3 Bd6 11. O-O Qc7 12. Bg5 O-O 13. Bh4 Nh5 14. Qc2 h6 15.
Bh7+ Kh8 16. Bg6 Rxf3 17. Bxh5 Rf8 18. Bg3 Bd7 19. Bxd6 1/2-1/2

[Event "Graz op"]
[Site "Graz"]
[Date "2006.09.19"]
[Round "4"]
[White "Moser, Eva"]
[Black "Zakharchenko, Arnold"]
[Result "1/2-1/2"]
[WhiteElo "2395"]
[BlackElo "2275"]
[PlyCount "115"]
[EventDate "2006.09.16"]
[EventType "swiss"]
[EventRounds "9"]
[EventCountry "AUT"]
[SourceTitle "CBM 114 Extra"]
[Source "ChessBase"]
[SourceDate "2006.11.03"]
[SourceVersion "1"]
[SourceVersionDate "2006.11.03"]
[SourceQuality "1"]

1. e4 c5 2. Nc3 Nc6 3. Bb5 g6 4. Bxc6 dxc6 5. d3 e5 6. Nge2 Bg7 7. Be3 Qe7 8.
Qd2 Nf6 9. Bh6 Bxh6 10. Qxh6 Be6 11. h3 O-O-O 12. O-O c4 13. Qe3 cxd3 14. cxd3
Kb8 15. f4 Nd7 16. fxe5 Nxe5 17. Qf4 Qd6 18. d4 Nc4 19. d5 Qxf4 20. Nxf4 Bc8
21. Nfe2 f5 22. dxc6 bxc6 23. exf5 Ne3 24. Rf4 Bxf5 25. Nd4 Rxd4 26. Rxd4 Nc2
27. Rad1 Nxd4 28. Rxd4 Kc7 29. b4 Ra8 30. Rh4 h5 31. g4 Bd7 32. gxh5 g5 33. Rc4
Rh8 34. Rc5 Rxh5 35. Nd5+ Kd6 36. Nf6 Rxh3 37. Nxd7 Kxd7 38. Rxg5 Ra3 39. Rg2
Kc7 40. Kf1 Kb6 41. Ke1 Kb5 42. Kd1 Kxb4 43. Kc1 c5 44. Kb2 Rf3 45. Rg4+ c4 46.
a3+ Kb5 47. Rg5+ Ka4 48. Rg4 Rb3+ 49. Kc2 Kxa3 50. Rxc4 a5 51. Rc3 a4 52. Rc4
Rb2+ 53. Kc1 Rh2 54. Kb1 Kb3 55. Rc1 a3 56. Rg1 Rh3 57. Ka1 a2 58. Rf1 1/2-1/2

[Event "Graz op"]
[Site "Graz"]
[Date "2006.09.18"]
[Round "3"]
[White "Aschenbrenner, Robert"]
[Black "Moser, Eva"]
[Result "0-1"]
[WhiteElo "2280"]
[BlackElo "2395"]
[PlyCount "60"]
[EventDate "2006.09.16"]
[EventType "swiss"]
[EventRounds "9"]
[EventCountry "AUT"]
[SourceTitle "CBM 114 Extra"]
[Source "ChessBase"]
[SourceDate "2006.11.03"]
[SourceVersion "1"]
[SourceVersionDate "2006.11.03"]
[SourceQuality "1"]

1. d4 c5 2. d5 d6 3. c4 e5 4. Nc3 Be7 5. g3 Na6 6. Nf3 f5 7. e4 Nf6 8. Bg2 Nxe4
9. Nxe4 fxe4 10. Ng5 Bxg5 11. Qh5+ g6 12. Qxg5 Qxg5 13. Bxg5 Bf5 14. a3 b5 15.
cxb5 Nc7 16. h3 h6 17. Be3 g5 18. O-O-O Nxb5 19. g4 Bg6 20. h4 O-O 21. hxg5
hxg5 22. Rde1 Nd4 23. Bxd4 cxd4 24. Bxe4 Bxe4 25. Rxe4 Rxf2 26. Rh5 Rc8+ 27.
Kb1 d3 28. Rxg5+ Kf7 29. Re1 Kf6 30. Rh5 Rcc2 0-1